| 000 | 00374nam a2200121Ia 4500 | ||
|---|---|---|---|
| 008 | 230917s9999||||xx |||||||||||||| ||und|| | ||
| 040 |
_e125335 _aMAIN |
||
| 041 | _aEnglish | ||
| 082 | _a370.15 S77I | ||
| 100 | _aSurender Kumar | ||
| 245 | 0 | _aInternational analysis of classroom behaviour of high and low competency mathematics teahers in the state of Haryana | |
| 942 | _cBK | ||
| 999 |
_c125009 _d125009 |
||